Friendly Nice Little Guys - Statistics

General Stats
  • This quiz has been taken 6 times
    2 since last reset
  • The average score is 29 of 60
Answer Stats
Hint Answer % Correct
Dog Brennan
100%
Aids Bronson
100%
Black Duke
100%
"Dood" Girlfriend Evelyn
100%
Washington + 🍔👓 Francis
100%
Sun Haiyi
100%
Alcoholic Kieran
100%
Korean Milo Hater Leah
100%
Cheater Matteo
100%
Dood Melqui
100%
Barista Napua
100%
Peyton Imposter Noah
100%
Dumbass Annoying Squeaky Kid 🤢 Paulo
100%
Bottom Peyton
100%
Sandwich Maker Raymi
100%
Robust Travis
100%
Brainrot Tyler
100%
Owner Zach
100%
Fishing Aidan K
50%
Valorant Demon Aidan Y
50%
Similar Name To Two Others Ayden
50%
Gracile Boy Brady
50%
Brother #2 Brayden
50%
Girlfriend of "Fishing" Chloe
50%
Short Female Davelyn
50%
SUPER Boosted Account Ethan
50%
Le Jardin Kid Gunk
50%
Racist Ragebaiter Jackson
50%
Asianpanda Jarrett
50%
Le Jardin Kid #2 Kael
50%
Highest Role In Server Kai
50%
Bread Liam
50%
Slang Overlord Luke
50%
Soobin Friend Melodie
50%
Bmer Micah
50%
Looney Toon Po'okela
50%
Valorant JV Rodrick
50%
Brother Ryan
50%
Peyton Huzz Shinycat
50%
Freak Aliyah
0%
Unc Andy Li
0%
Ginger Anthony
0%
Wise Unc Brian
0%
The Better Mexican Flip
0%
Freaky TikTok Stalker Freg
0%
Youtuber Garrick
0%
Highest Valo Rank in Server (I Think) Henry
0%
Co. Of Asian Spice #1 Ixmelons
0%
Co. Of Asian Spice #2 Kalvin
0%
Jarett Follower Keanu
0%
Nobara PFP Kev
0%
Korean Girls Friend Kinsey
0%
Paulo's Boyfriend Lychee
0%
Koji is one of the best characters to exist!! Maddox
0%
Brady Online Friend Megan
0%
Ewa Avocado Dude Nick
0%
Ampersand Suki
0%
Soobin Friend #2 Taelyn
0%
🥟🐷 Trace
0%
Cookie Monster Triton
0%
No matching quizzes found
Score Distribution
Percent of People with Each Score
Percentile by Number Answered
Your Score History
You have not taken this quiz since the last reset